LIBRARY & INFORMATION CENTRE, KCAET, TAVANUR

ONLINE PUBLIC ACCESS CATALOGUE (OPAC)

Development of whey based RTS product from pineapple (Record no. 14980)

MARC details
000 -LEADER
fixed length control field 00637nam a22001817a 4500
003 - CONTROL NUMBER IDENTIFIER
control field OSt
088 ## - REPORT NUMBER
Report number P 236
100 ## - MAIN ENTRY--AUTHOR NAME
Personal name NAINA M
-- NEERAJA H. NAIR
245 ## - TITLE STATEMENT
Title Development of whey based RTS product from pineapple
260 ## - PUBLICATION, DISTRIBUTION, ETC. (IMPRINT)
Place of publication TAVANUR
Name of publisher Department of Post Harvest Technology and Agricultural Processing
300 ## - PHYSICAL DESCRIPTION
Number of Pages 33
500 ## - GENERAL NOTE
General note Development of whey based RTS product from pineapple
520 ## - SUMMARY, ETC.
Summary, etc Development of whey based RTS product from pineapple
700 ## - ADDED ENTRY--PERSONAL NAME
Personal name Er. George Mathew (Guide)
856 ## - ELECTRONIC LOCATION AND ACCESS
Uniform Resource Identifier https://drive.google.com/open?id=1XMcAU_gQMqLvT3Yo30Rmy4Lw0OJ54Pil
942 ## - ADDED ENTRY ELEMENTS (KOHA)
Koha item type Project Report
Holdings
Collection code Home library Current library Shelving location Full call number Accession Number Koha item type
Reference KAUAET KAUAET Reference 631.56 NAI/DE P 236 Project Report
free website counter